000 03827nab a2200313 i 4500
003 BR-BrBNA
005 20240709131013.0
008 240709b2017 bl.|r|pooa||| 00| 0 por |
040 _aBR-BrBNA
_bpor
072 _aL70
_b8830
100 _aMoraes, T.A.
100 _aCanellas, A.C.C.
100 _aRodrigues, A.F.
100 _aLancetta, C.F.F.
100 _aDegani, V.A.N.
100 _aFerreira, M.L.G.
245 _aAvaliação morfofuncional do enxerto de túnica albugínea suína na cistoplastia em ratos
500 _aPublicação on-line; 24 ref.; Summaries (En, Pt)
520 _a RESUMO - O objetivo deste trabalho é avaliar o uso da túnica albugínea suína na cistoplastia em ratos, avaliando funcionalidade, capacidade de reparação do órgão e possibilidades de complicações. Foram selecionados 30 ratos Wistar, machos, de seis meses de idade, divididos em: um grupo teste (TA), em que os animais receberam o enxerto de túnica albugínea suína após a cistectomia parcial e um grupo controle (C), em que os animais sofreram somente a cistectomia parcial. Os animais pertencentes a ambos os grupos foram divididos igualmente em subgrupos de cinco animais cada, que sofreram eutanásia em sete, 28 e 42 dias de pós-operatório. Foi realizada uma análise macroscópica e, posteriormente, uma análise histopatológica da região da ferida cirúrgica. Aos sete e 28 dias, os animais pertencentes ao grupo C e ao grupo TA apresentaram urotelização, regeneração da lâmina própria e da musculatura, porém o grupo TA apresentou menores sinais inflamatórios e maior organização tecidual, principalmente com relação à formação das fibras musculares. Aos 42 dias de pós-operatório, ambos os grupos já apresentavam características histológicas normais. Concluiu-se que o enxerto de túnica albugínea suína obteve sucesso na regeneração da bexiga de ratos, mantendo a funcionalidade do órgão, sem rejeição, e favorecendo a migração celular. Palavras-chave: cistectomia parcial, biomateriais, xenoenxerto
520 _a ABSTRACT - The aim of this study is to evaluate porcine tunica albuginea as a graft for cystoplasty in rats, regarding bladder function, capacity and possible complications. 30 male Wistar rats with six monthes of age have been selected and separated into two different groups: A test group (TA) in which the animals received a tunica albuginea graft after partial cystectomy and a control group (C) in which partial cystectomy was performed, followed by bladder suture. In each group the animals were euthanized at seven, 28 and 42 days after surgery. Macroscopic and Histological analysis have been performed. At seven and 28 days after surgery the samples from both groups had urothelial lining upon a lamina propria and smooth muscle fibers in regeneration process. However, the TA group showed less inflammatory signs and more organized structure, mainly regarding the smooth muscle formation. At 42 days after surgery all groups showed a bladder wall structure qualitatively identical to the normal tissue. We could conclude that tunica albuginea graft is able to maintain bladder function and support cellular migration without any kind of rejection. Keywords: partial cystectomy, biomaterials, heterologous graft
650 _aRAT0
650 _aCISTOPLASTIA
650 _aBEXIGA
650 _aVETERINÁRIA
773 0 _01643
_9316242
_dBelo Horizonte-MG Universidade Federal de Minas Gerais - Escola de Veterinaria 1983
_o2024-2643
_tArquivo Brasileiro de Medicina Veterinária e Zootecnia (Brazil)
_x0102-0935
_gv. 69(4) p. 973-979; (2017)
_wBR2024001664
856 _uhttps://www.scielo.br/j/abmvz/a/cpMwFNyjHjK8WqkFLJRn6yx/?format=pdf&lang=pt
942 _cAnalítica
999 _c300459
_d300459